De la symbiotique dans les leasing et crédit-bail mobiliers
Gardado en:
| Autor Principal: | |
|---|---|
| Formato: | Libro |
| Idioma: | francés |
| Publicado: |
París
Dalloz
1970
|
| Subjects: | |
| Tags: |
Engadir etiqueta
Sen Etiquetas, Sexa o primeiro en etiquetar este rexistro!
|
MARC
| LEADER | 00000nam a2200000 a 4500 | ||
|---|---|---|---|
| 001 | UCS2067 | ||
| 003 | CL-VaPUC | ||
| 008 | 970516e19700000FR |||||||||||||||||fre|d | ||
| 082 | 0 | 4 | |a 346.074 |b BEY |2 21 |
| 100 | 0 | |a Bey, El Mokhtar |e author |9 387089 | |
| 245 | 1 | 0 | |a De la symbiotique dans les leasing et crédit-bail mobiliers |
| 300 | |a 226 p | ||
| 942 | |c BK | ||
| 945 | |d 19970516 00:00:00 |a paguirre | ||
| 260 | |a París |b Dalloz |c 1970 | ||
| 650 | 0 | |a Derecho comercial |9 256340 | |
| 650 | 7 | |a LEASING |2 CL-VaPUC |9 257941 | |
| 650 | 0 | |a Crédito |9 256211 | |
| 650 | 0 | |a Bienes |9 255749 | |
| 650 | 7 | |a OPERACIONES COMERCIALES |2 CL-VaPUC |9 337866 | |
| 650 | 0 | |a Compraventa |9 255413 | |
| 650 | 0 | |a Arrendamiento |9 257654 | |
| 583 | |a last modification |c 19970516 00:00:00 |k Rodrigo Vera | ||
| 999 | |c 260064 |d 260062 | ||
| 952 | |0 0 |1 0 |4 0 |6 346_074000000000000_BEY_1970 |7 0 |8 A |9 285650 |a BIBDER |b BIBDER |d 2019-11-19 |i 1855956 |o 346.074 BEY 1970 |p 1855956 |r 2023-01-25 |w 2019-11-19 |y BK |k DER | ||